Integrated science

Integrated Science, Third Edition is a straightforward, easy-to-read, yet substantial introduction to the fundamental behavior of matter and energy in living and nonliving systems. The authors provide even, well-integrated coverage of chemistry, physics, earth science, biology, and astronomy. The bo...

Full description

Saved in:
Bibliographic Details
Main Author: Tillery, Bill W.
Format: Book
Language:Undetermined
Published: Boston McGraw-Hill Higher Education 2007
Subjects:
Tags: Add Tag
No Tags, Be the first to tag this record!
Institutions: Trung tâm Học liệu Trường Đại học Cần Thơ
LEADER 01336nam a2200205Ia 4500
001 CTU_150055
008 210402s9999 xx 000 0 und d
082 |a 500 
082 |b T575 
100 |a Tillery, Bill W. 
245 0 |a Integrated science 
245 0 |c Bill W. Tillery, Eldon D. Enger, Frederick C. Ross. 
260 |a Boston 
260 |b McGraw-Hill Higher Education 
260 |c 2007 
520 |a Integrated Science, Third Edition is a straightforward, easy-to-read, yet substantial introduction to the fundamental behavior of matter and energy in living and nonliving systems. The authors provide even, well-integrated coverage of chemistry, physics, earth science, biology, and astronomy. The book is intended to serve the needs of non-science majors who are required to complete one or more science courses as part of a general or basic studies requirement. This edition continues to introduce basic concepts and key ideas while providing opportunities for students to learn reasoning skills and a new way of thinking about their environment. No prior work in science is assumed. The language, as well as the mathematics, is as simple as can be practical for a college-level science course. 
650 |a Science 
650 |x Textbooks 
904 |i Năm 
980 |a Trung tâm Học liệu Trường Đại học Cần Thơ